| 000 | 01805nam a22001577a 4500 | ||
|---|---|---|---|
| 041 | _aukr | ||
| 080 | _a09 | ||
| 090 | _bПАС | ||
| 100 | _aПасічник З.Ю. | ||
| 245 | _aЛінгвістичні особливості використання гендерно-маркованої лексики у мові Інтернет-видань | ||
| 260 |
_aОстрог _bКАФ _c2013 |
||
| 300 | _a72 | ||
| 520 |
_aРозділ 1. Гендерний підхід до мови засобів масової інформації.
1.1. Лінгвістичні особливості мови ЗМІ.
1.2. Розкриття гендеру у контексті лінгвістики.
1.3. Поняття гендерно маркованої лексики.
Розділ 2. Психолінгвістичний підхід до аналіз гендерно маркованих лексичних одиниць.
2.1. Диференціація мовлення на чоловіче та жіноче.
2.2. Характеристика чоловічих особливостей мовлення.
2.3. Характеристика жіночих особливостей мовлення.
Розділ 3. Сучасна економіка умов та охорони праці.
3.1. Сучасні проблеми поліпшення умов праці.
3.2. Сучасна ситуація умов праці на місцях.
3.3. Система керування охороною праці.
3.4. Розробка засобів компенсації впливу на працівників несприятливих умов праці. _0Гендер, ЗМІ, мароквана лексики, чоловіче мовлення |
||
| 650 | _aResearch Papers | ||
| 999 |
_c285091 _d285091 |
||
| 942 | _cBK | ||